Kpop girlgroup - Statistics

General Stats
  • This quiz has been taken 169 times
    158 since last reset
  • The average score is 32 of 71
Answer Stats
Répondre % Correct
twice
96%
Blackpink
94%
NewJeans
87%
Æspa
86%
Le sserafim
86%
SNSD/Girls' Generation
86%
itzy
85%
Red velvet
85%
Ive
82%
(G)I-DLE
80%
MAMAMOO
77%
BABYMONSTER
76%
Illit
76%
nmixx
76%
2ne1
73%
IZ*ONE
69%
LOONA
69%
Kep1er
63%
Kiss of life
63%
MOMOLAND
62%
STAYC
61%
Wonder Girls
61%
Dreamcatcher
59%
everglow
59%
fromis_9
58%
GFRiend
57%
Apink
53%
Katseye
51%
oh my girl
51%
AOA
49%
Billlie
48%
Purple Kiss
45%
I.O.I
44%
f(x)
43%
KARA
42%
fifty fifty
40%
miss A
40%
TripleS
40%
Blackswan
39%
Weeekly
39%
VIVIZ
38%
WJSN/ Cosmic Girls
38%
Cherry Bullet
37%
CLC
37%
Meovv
37%
T-ARA
36%
SISTAR
35%
After school
29%
EXID
29%
4Minute
28%
XG
28%
TRI.BE
27%
Brown Eyed Girls
26%
LIGHTSUM
26%
Girl’s Day
23%
Weki Meki
22%
Rocket Punch
21%
Pristin
20%
Badvillain
19%
Brave Girls
18%
Lovelyz
18%
APRIL
17%
Woo!ah!
17%
Secret number
15%
PIXY
13%
Laboum
12%
LADIES’ CODE
11%
BlingBling
1%
signature
1%
Tweety
0%
VIVA
0%
No matching quizzes found
Score Distribution
Percent of People with Each Score
Percentile by Number Answered
Your Score History
You have not taken this quiz since the last reset